| 000 | 01076nam a2200253 a 4500 | ||
|---|---|---|---|
| 999 |
_c6888 _d6888 |
||
| 001 | 6888 | ||
| 003 | BD-JhCC | ||
| 005 | 20180201155748.0 | ||
| 008 | 180131s1985 bg a|||| b||| 000 0 ben d | ||
| 035 | _a(BD-JhCC)6888 | ||
| 040 |
_aBD-JhCC _dBD-JhCC |
||
| 041 | _aBen | ||
| 082 |
_a684.08 _bKAT 1985 |
||
| 245 |
_aকাঠের কাজ শিক্ষা : _bনবম ও দশম শ্রেণির জন্য / _cসম্পাদনায় : আবদুর রশীদ, এ কে এম এ কুদ্দুস এবং আলতাফউদ্দিন আহমদ |
||
| 260 |
_aঢাকা : _bজাতীয় শিক্ষাক্রম ও টেকস্টবুক বোর্ড, _c1985. |
||
| 300 |
_a199 p. : _bill. ; _c22 cm. |
||
| 504 | _aIncludes Bibliographical Reference. | ||
| 650 |
_aWood Work _xStudy and Teaching |
||
| 700 | _aরশীদ, আবদুর | ||
| 700 | _aকুদ্দুস, এ কে এম এ | ||
| 700 | _aআহমদ, আলতাফউদ্দিন | ||
| 942 |
_2ddc _cBK |
||